| 000 | 01431nam a2200325 i 4500 | ||
|---|---|---|---|
| 001 | 000003477 | ||
| 003 | DO-SdBNP | ||
| 005 | 20230906142117.0 | ||
| 007 | ta | ||
| 008 | 090709r20042004dr ac 001 0dspa d | ||
| 020 | _a9993461628 | ||
| 040 |
_aDO-SdBNP _bspa _cBNPHU _erda |
||
| 082 | 4 |
_a923.17293 _bT866g, 2004 _222 |
|
| 100 | 1 |
_aGómez, José Miguel, _9380 _eautor |
|
| 245 | 1 | 0 |
_aTrujillo visto por un psiquiatra / _cJosé Miguel Gómez. |
| 250 | _a2a edición corregida. | ||
| 264 |
_aSanto Domingo : _bBúho, _c2004 (reimpresión de 2006) |
||
| 300 |
_a239 páginas : _bilustraciones, retratos ; _c23 cm. |
||
| 336 |
_2rdacontent _atexto _btxt |
||
| 337 |
_2rdamedia _asin mediación _bnc |
||
| 338 |
_2rdacarrier _avolumen _bn |
||
| 490 | _aBiblioteca José Miguel Gómez | ||
| 500 | _a"A los que conocieron a Trujillo y no lo entendieron. A los que creyeron conocerlo y lo justificaron. A los que desean conocerlo, sin juzgarlo y sin justificarlo. A las presentes y futuras generaciones para que no copien este modelo de referencia social no sano, y menos, digno de imitar" -- En cubierta. | ||
| 500 | _aLa biblioteca posee la reimpresión del 2006 de la 2a. edición del 2004. | ||
| 504 | _aBibliografía : p. 233-239 | ||
| 590 | _aInventariado, 2023/BT | ||
| 600 | 1 | 4 |
_aTrujillo Molina, Rafael Leónidas, _d1891-1961 _xPersonalidad _910815 |
| 650 | 4 |
_aPresidentes _zRepública Dominicana _9599 |
|
| 942 |
_2ddc _cLBS1 |
||
| 999 |
_c3306 _d3306 |
||